Statistics for Religions by Emoji

Click here to take the quiz!

General Stats

  • This quiz has been taken 81 times
  • The average score is 5 of 11

Answer Stats

HintAnswer% Correct
🕋Islam
88%
Buddhism
76%
🕉Hinduism
76%
🕎Judaism
75%
⛩️Shinto
63%
☯️Taoism
51%
Sikhism
49%
⚛️Atheism
21%
Zoroastrianism
20%
Roman Catholic
11%
☦️Eastern Orthodox
Church
3%

Score Distribution

Percentile by Number Answered

Percent of People with Each Score

Your Score History

You have not taken this quiz